Do gīta : (Record no. 73109)

MARC details
000 -LEADER
fixed length control field 00579nam a2200205 i 4500
001 - CONTROL NUMBER
control field sa 67002194
003 - CONTROL NUMBER IDENTIFIER
control field DLC
005 - DATE AND TIME OF LATEST TRANSACTION
control field 20260227112329.0
008 - FIXED-LENGTH DATA ELEMENTS--GENERAL INFORMATION
fixed length control field 811028s1963 ii 00010 hin
010 ## - LIBRARY OF CONGRESS CONTROL NUMBER
LC control number sa 67002194 //r81
025 ## - OVERSEAS ACQUISITION NUMBER
Overseas acquisition number PL480:I-H-3782
050 0# - LIBRARY OF CONGRESS CALL NUMBER
Classification number PK2098.S37
Item number D6 1963
100 10 - MAIN ENTRY--PERSONAL NAME
Personal name Saxena, Gopal Das,
Dates associated with a name 1926-
245 10 - TITLE STATEMENT
Title Do gīta :
Remainder of title mr̥tyu-gīta, jīvana-gīta /
Statement of responsibility, etc. Nīraja [i.e. Gī.Dī. Sakasena].
250 ## - EDITION STATEMENT
Edition statement [3. saṃskaraṇa].
260 0# - PUBLICATION, DISTRIBUTION, ETC.
Place of publication, distribution, etc. Dillī :
Name of publisher, distributor, etc. Ātmārāma,
Date of publication, distribution, etc. 1963.
300 ## - PHYSICAL DESCRIPTION
Extent 64 p. ;
Dimensions 22 cm.
500 ## - GENERAL NOTE
General note In Hindi.
500 ## - GENERAL NOTE
General note Poems.

No items available.

Powered by Koha